| 000 | 01536cam a2200349 a 4500 | ||
|---|---|---|---|
| 999 |
_c127828 _d127828 |
||
| 001 | 2141249 | ||
| 003 | ARRUPE | ||
| 005 | 20180328105611.0 | ||
| 008 | 980819s1998 dcua b i100 0 eng | ||
| 010 | _a 98011659 | ||
| 020 | _a1557757690 | ||
| 040 |
_aDLC _cDLC _dDLC |
||
| 043 | _afb----- | ||
| 050 | 0 | 0 |
_aHF1611 _b.T734 1998 |
| 082 | 0 | 0 |
_a382/.3/0967 _221 |
| 245 | 0 | 0 |
_aTrade reform and regional integration in Africa / _ceditors, Zubair Iqbal, Mohsin S. Khan. |
| 260 |
_aWashington, D.C. : _bIMF Institute, International Monetary Fund, _cc1998. |
||
| 300 |
_axii, 509 p. : _bill. ; _c23 cm. |
||
| 500 | _a"Papers presented at the IMF, African Economic Research Consortium seminar on Trade reform and regional integration in Africa, December 1-3, 1997." | ||
| 504 | _aIncludes bibliographical references. | ||
| 651 | 0 |
_aAfrica, Sub-Saharan _xCommercial policy _vCongresses. _941155 |
|
| 651 | 0 |
_aAfrica, Sub-Saharan _xEconomic conditions _xRegional disparities _vCongresses. _941156 |
|
| 651 | 0 |
_aAfrica, Sub-Saharan _xEconomic integration _vCongresses. _941157 |
|
| 651 | 0 |
_aAfrica, Sub-Saharan _xForeign economic relations _vCongresses. _941158 |
|
| 700 | 1 |
_aIqbal, Zubair. _941159 |
|
| 700 | 1 |
_aKhan, Mohsin S. _941160 |
|
| 710 | 2 |
_aInternational Monetary Fund. _926656 |
|
| 710 | 2 |
_aAfrican Economic Research Consortium. _941161 |
|
| 906 |
_a7 _bcbc _corignew _d1 _eocip _f19 _gy-gencatlg |
||
| 942 |
_2lcc _cMONOGRAPH |
||